<?xml version="1.0" encoding="UTF-8"?>
<record
    xmlns:xsi="http://www.w3.org/2001/XMLSchema-instance"
    xsi:schemaLocation="http://www.loc.gov/MARC21/slim http://www.loc.gov/standards/marcxml/schema/MARC21slim.xsd"
    xmlns="http://www.loc.gov/MARC21/slim">

  <leader>01855nam a22002657a 4500</leader>
  <controlfield tag="003">NALT</controlfield>
  <controlfield tag="005">20230112135505.0</controlfield>
  <controlfield tag="008">220919b        th ||||| |||| 00| 0 tha d</controlfield>
  <datafield tag="020" ind1=" " ind2=" ">
    <subfield code="a">9749173929</subfield>
  </datafield>
  <datafield tag="040" ind1=" " ind2=" ">
    <subfield code="a">NALT</subfield>
  </datafield>
  <datafield tag="050" ind1=" " ind2=" ">
    <subfield code="a">HF 5549.5.T7</subfield>
    <subfield code="b">&#xE14;462&#xE27; 2546</subfield>
  </datafield>
  <datafield tag="100" ind1="1" ind2=" ">
    <subfield code="a">&#xE14;&#xE32;&#xE40;&#xE2D;&#xE25;, &#xE04;&#xE32;&#xE23;&#xE4C;&#xE23;&#xE35;&#xE48; &#xE40;&#xE2D;. &#xE1F;&#xE2D;&#xE19;</subfield>
    <subfield code="9">59034</subfield>
  </datafield>
  <datafield tag="245" ind1="1" ind2="0">
    <subfield code="a">&#xE27;&#xE34;&#xE17;&#xE22;&#xE32;&#xE01;&#xE23;&#xE21;&#xE37;&#xE2D;&#xE42;&#xE1B;&#xE23; =</subfield>
    <subfield code="b">50 one-minute tips for trainers /</subfield>
    <subfield code="c">Carrie A. Van Daele ; &#xE41;&#xE1B;&#xE25;&#xE42;&#xE14;&#xE22; &#xE08;&#xE34;&#xE19;&#xE14;&#xE32; &#xE2D;&#xE31;&#xE04;&#xE23;&#xE32;&#xE27;&#xE31;&#xE12;&#xE19;&#xE32;, &#xE1E;&#xE34;&#xE21;&#xE1E;&#xE4C;&#xE2A;&#xE38;&#xE14;&#xE32; &#xE2D;&#xE31;&#xE04;&#xE23;&#xE32;&#xE27;&#xE31;&#xE12;&#xE19;&#xE32;.</subfield>
  </datafield>
  <datafield tag="246" ind1="3" ind2="4">
    <subfield code="a">50 one-minute tips for trainers.</subfield>
  </datafield>
  <datafield tag="260" ind1=" " ind2=" ">
    <subfield code="a">&#xE01;&#xE23;&#xE38;&#xE07;&#xE40;&#xE17;&#xE1E;&#xE2F; :</subfield>
    <subfield code="b">&#xE40;&#xE2D;&#xE47;&#xE01;&#xE0B;&#xE40;&#xE1B;&#xE2D;&#xE23;&#xE4C;&#xE40;&#xE19;&#xE47;&#xE17;,</subfield>
    <subfield code="c">2546.</subfield>
  </datafield>
  <datafield tag="300" ind1=" " ind2=" ">
    <subfield code="a">120 &#xE2B;&#xE19;&#xE49;&#xE32; :</subfield>
    <subfield code="b">&#xE20;&#xE32;&#xE1E;&#xE1B;&#xE23;&#xE30;&#xE01;&#xE2D;&#xE1A; ;</subfield>
    <subfield code="c">21 &#xE0B;&#xE21;.</subfield>
  </datafield>
  <datafield tag="505" ind1="2" ind2=" ">
    <subfield code="a">&#xE01;&#xE33;&#xE2B;&#xE19;&#xE14;&#xE04;&#xE27;&#xE32;&#xE21;&#xE15;&#xE49;&#xE2D;&#xE07;&#xE01;&#xE32;&#xE23; -- &#xE40;&#xE15;&#xE23;&#xE35;&#xE22;&#xE21;&#xE04;&#xE39;&#xE48;&#xE21;&#xE37;&#xE2D;&#xE01;&#xE32;&#xE23;&#xE1D;&#xE36;&#xE01;&#xE2D;&#xE1A;&#xE23;&#xE21; -- &#xE40;&#xE02;&#xE49;&#xE32;&#xE43;&#xE08;&#xE27;&#xE48;&#xE32;&#xE1C;&#xE39;&#xE49;&#xE43;&#xE2B;&#xE0D;&#xE48;&#xE40;&#xE23;&#xE35;&#xE22;&#xE19;&#xE23;&#xE39;&#xE49;&#xE2D;&#xE22;&#xE48;&#xE32;&#xE07;&#xE44;&#xE23; -- &#xE40;&#xE15;&#xE23;&#xE35;&#xE22;&#xE21;&#xE1E;&#xE23;&#xE49;&#xE2D;&#xE21;&#xE2A;&#xE33;&#xE2B;&#xE23;&#xE31;&#xE1A;&#xE01;&#xE32;&#xE23;&#xE1D;&#xE36;&#xE01;&#xE2D;&#xE1A;&#xE23;&#xE21; -- &#xE01;&#xE32;&#xE23;&#xE08;&#xE31;&#xE14;&#xE01;&#xE32;&#xE23;&#xE01;&#xE31;&#xE1A;&#xE01;&#xE32;&#xE23;&#xE19;&#xE33;&#xE40;&#xE2A;&#xE19;&#xE2D;&#xE02;&#xE2D;&#xE07;&#xE04;&#xE38;&#xE13; -- &#xE16;&#xE48;&#xE32;&#xE22;&#xE17;&#xE2D;&#xE14;&#xE01;&#xE32;&#xE23;&#xE1A;&#xE23;&#xE23;&#xE22;&#xE32;&#xE22; -- &#xE08;&#xE31;&#xE14;&#xE40;&#xE15;&#xE23;&#xE35;&#xE22;&#xE21;&#xE2B;&#xE49;&#xE2D;&#xE07;&#xE1D;&#xE36;&#xE01;&#xE2D;&#xE1A;&#xE23;&#xE21; -- &#xE01;&#xE32;&#xE23;&#xE40;&#xE25;&#xE37;&#xE2D;&#xE01;&#xE2A;&#xE37;&#xE48;&#xE2D;&#xE17;&#xE35;&#xE48;&#xE2B;&#xE25;&#xE32;&#xE01;&#xE2B;&#xE25;&#xE32;&#xE22; -- &#xE08;&#xE31;&#xE14;&#xE17;&#xE33;&#xE41;&#xE1C;&#xE19;&#xE1B;&#xE0F;&#xE34;&#xE1A;&#xE31;&#xE15;&#xE34;&#xE01;&#xE32;&#xE23;&#xE2A;&#xE48;&#xE27;&#xE19;&#xE15;&#xE31;&#xE27;. </subfield>
  </datafield>
  <datafield tag="650" ind1=" " ind2="4">
    <subfield code="a">&#xE01;&#xE32;&#xE23;&#xE1D;&#xE36;&#xE01;&#xE2D;&#xE1A;&#xE23;&#xE21;</subfield>
    <subfield code="9">14045</subfield>
  </datafield>
  <datafield tag="650" ind1=" " ind2="4">
    <subfield code="a">&#xE27;&#xE34;&#xE17;&#xE22;&#xE32;&#xE01;&#xE23;</subfield>
    <subfield code="9">31949</subfield>
  </datafield>
  <datafield tag="700" ind1="0" ind2=" ">
    <subfield code="a">&#xE1E;&#xE34;&#xE21;&#xE1E;&#xE4C;&#xE2A;&#xE38;&#xE14;&#xE32; &#xE2D;&#xE31;&#xE04;&#xE23;&#xE32;&#xE27;&#xE31;&#xE12;&#xE19;&#xE32;</subfield>
    <subfield code="9">59035</subfield>
  </datafield>
  <datafield tag="700" ind1="0" ind2=" ">
    <subfield code="a">&#xE08;&#xE34;&#xE19;&#xE14;&#xE32; &#xE2D;&#xE31;&#xE04;&#xE23;&#xE32;&#xE27;&#xE31;&#xE12;&#xE19;&#xE32;</subfield>
    <subfield code="9">59036</subfield>
  </datafield>
  <datafield tag="850" ind1=" " ind2=" ">
    <subfield code="a">NALT</subfield>
  </datafield>
  <datafield tag="942" ind1=" " ind2=" ">
    <subfield code="2">lcc</subfield>
    <subfield code="c">GB</subfield>
  </datafield>
  <datafield tag="998" ind1=" " ind2=" ">
    <subfield code="a">kornsiririn</subfield>
    <subfield code="j">3099</subfield>
    <subfield code="k"> &#xE1E;&#xE23;&#xE27;&#xE34;&#xE17;&#xE39;  &#xE42;&#xE04;&#xE49;&#xE27;&#xE04;&#xE0A;&#xE32;&#xE20;&#xE23;&#xE13;&#xE4C;</subfield>
  </datafield>
  <datafield tag="999" ind1=" " ind2=" ">
    <subfield code="c">100777</subfield>
    <subfield code="d">100777</subfield>
  </datafield>
  <datafield tag="952" ind1=" " ind2=" ">
    <subfield code="0">0</subfield>
    <subfield code="1">0</subfield>
    <subfield code="2">lcc</subfield>
    <subfield code="4">0</subfield>
    <subfield code="7">0</subfield>
    <subfield code="8">CSEN</subfield>
    <subfield code="a">NALT</subfield>
    <subfield code="b">NALT</subfield>
    <subfield code="c">GEN</subfield>
    <subfield code="d">2022-09-19</subfield>
    <subfield code="o">HF 5549.5.T7 &#xE14;462&#xE27; 2546</subfield>
    <subfield code="p">0100010448001</subfield>
    <subfield code="r">2023-03-22 00:00:00</subfield>
    <subfield code="w">2022-09-19</subfield>
    <subfield code="y">GB</subfield>
  </datafield>
</record>
